000
00298nam a2200109Ia 4500
001
588830
005
20250717120838.0
008
250717s9999 xx 000 0 und d
245
0
_a
V-15 İBN-İ HEYSEM VE BAŞ AŞAĞI OTURAN KRAL
_c
DİDEM DEMİREL
260
_b
TİMAŞ YAYINLARI
_c
2016
300
_b
47
999
_c
588830
_d
588830